Manual de Medicina de Urgencia (Registro nro. 887)

Detalles MARC
000 -LEADER
fixed length control field 00773nam a2200217 a 4500
008 - CAMPO DE CONTROL (LIBRO)
fixed length control field 110811s1995 sp ||||f |||| 001 0 spa d
020 ## - INTERNATIONAL STANDARD BOOK NUMBER
ISBN 8434527251
041 ## - CODIGO DE IDIOMA
Código de idioma del texto/pista de sonido o título separado spa
092 ## - SIGNATURA TOPOGRAFICA DEWEY LOCAL
número de clasificación 616.025
libristica 42
sección JEN
100 1# - ENTRADA PRINCIPAL--NOMBRE PERSONAL
Nombre personal Jenkins, Jon L.
9 (RLIN) 744
245 ## - TITULO PROPIAMENTE DICHO
Título Manual de Medicina de Urgencia
Subtítulo y Título paralelo Diagnóstico y tratamiento
Mención de responsabilidad y remanente de la transcripción de la portada Jon L. Jenkins
250 ## - MENCION DE EDICION
Mención de edición 1a ed. 3a reimp.
Mención de responsabilidad relacionada con la ed. Traducción Alberto Jornet Casas
260 ## - PIE DE IMPRENTA
Lugar de publicación, distribución, etc Barcelona :
Nombre de la editorial, distribuidor, etc Salvat,
Fecha de publicación 1995
300 ## - DESCRIPCION FISICA
Extension 569 p.
653 ## - TÉRMINO INDIZADO - PALABRAS CLAVES
Palabra clave Trastornos medicos
653 ## - TÉRMINO INDIZADO - PALABRAS CLAVES
Palabra clave Traumatismos
653 ## - TÉRMINO INDIZADO - PALABRAS CLAVES
Palabra clave Problemas especiales en medicina y traumatología de urgencia
700 1# - ENTRADAS SECUNDARIAS - NOMBRE PERSONAL
Nombre personal Loscalzo, Joseph
9 (RLIN) 745
942 ## - ADDED ENTRY ELEMENTS (KOHA)
Source of classification or shelving scheme Dewey Decimal Classification
Item type Libros
Existencias
Estado de retiro Existencia Fuente de clasificación Estado general Uso restringido No para prestamo Ubicación permanente ubicación actual Sala de ubicación Fecha de adquisición Total Checkouts Número de clasificación Código de barras Date last seen Número de ejemplar Price effective from Koha tipo de elemento (item) Public note Coded location qualifier
    Dewey Decimal Classification   Restricted Access Not For Loan Biblioteca Medicina Biblioteca Medicina Circulación 11/08/2011   616.025 42 JEN 2275 06/11/2014 ej.1 11/08/2011 Libros Baja 2017 (Caja nro 6)  

UNIVERSIDAD NACIONAL DEL COMAHUE
Biblioteca de la Facultad de Ciencias Médicas
Sede Toschi: Los Arrayanes y Av. Toschi, Cipolletti  - Rio Negro
Sede Los Tordos:  Yrigoyen al 2211, Cipolletti - Rio Negro 

Teléfono: 0299 - 4774707 int 25
Contacto: biblioteca@facimed.uncoma.edu.ar
© 2011 - 2026